000 00796cab a2200253 4500
001 WB3109-03
008 090401t1995 xxu||||| |||| 00| 0 eng d
035 _a(Sirsi) u15338
041 _aeng
245 _aSocial housing defects
260 _c1995
350 _a0
490 _aConstruction News
_v(6404) 2 March 1995, 4(1)
520 _aThe Housing Association Property Mutual has reported to the DoE that one in three of new housing association homes fails to meet government construction standards.
650 _aBUILDING DEFECTS
650 _aHAPM
650 _aHOUSING ASSOCIATION PROPERTY MUTUAL
650 _aHOUSING ASSOCIATIONS
650 _aSOCIAL HOUSING
690 _aBUILT ENVIRONMENT-BUILDING PATHOLOGY
690 _aHOUSING
942 _n0
948 _c04/03/1997
999 _c10047
_d10047